书目信息 |
| 题名: |
非是非非
|
|
| 作者: | 孟云剑 著 | |
| 分册: | ||
| 出版信息: | 上海 文汇出版社 2021.04 |
|
| 页数: | 293页 | |
| 开本: | 21cm | |
| 丛书名: | ||
| 单 册: | ||
| 中图分类: | O144.2 | |
| 科图分类: | ||
| 主题词: | 悖论--bei lun--普及读物 | |
| 电子资源: | ||
| ISBN: | 978-7-5496-3123-0 | |
| 000 | 00916nam0 2200253 450 | |
| 001 | 202021193874 | |
| 005 | 20211025120142.0 | |
| 010 | @a978-7-5496-3123-0@dCNY35.00 | |
| 100 | @a20211002d2021 em y0chiy50 ea | |
| 101 | 0 | @achi |
| 102 | @aCN@b310000 | |
| 105 | @ay z 000yy | |
| 106 | @ar | |
| 200 | 1 | @a非是非非@Afei shi fei fei@e世界经典趣味悖论@f孟云剑著 |
| 210 | @a上海@c文汇出版社@d2021.04 | |
| 215 | @a293页@d21cm | |
| 314 | @a孟云剑, 明鉴认知学苑创始人, 中国实学研究会专家理事, 文化学者。 | |
| 330 | @a本书分奇遇篇、风情篇、历险篇、娱乐篇。内容包括: 克里特岛之旅 ; 埃里克斯群岛 ; 丛林中的城堡 ; 城堡的后花园 ; 希思城 ; 希思城的记忆 ; 时光机器 ; 时光倒流等。 | |
| 517 | 1 | @a世界经典趣味悖论@Ashi jie jing dian qu wei bei lun |
| 606 | 0 | @a悖论@Abei lun@j普及读物 |
| 690 | @aO144.2@v5 | |
| 701 | 0 | @a孟云剑@Ameng yun jian@4著 |
| 801 | 0 | @aCN@c20210909 |
| 905 | @a河南城建学院图书馆@dO144.2@eM627 | |
| 非是非非:世界经典趣味悖论/孟云剑著.-上海:文汇出版社,2021.04 |
| 293页;21cm |
| ISBN 978-7-5496-3123-0:CNY35.00 |
| 本书分奇遇篇、风情篇、历险篇、娱乐篇。内容包括: 克里特岛之旅 ; 埃里克斯群岛 ; 丛林中的城堡 ; 城堡的后花园 ; 希思城 ; 希思城的记忆 ; 时光机器 ; 时光倒流等。 |
| ● |
| 相关链接 |
|
|
|
正题名:非是非非
索取号:O144.2/M627
 
预约/预借
| 序号 | 登录号 | 条形码 | 馆藏地/架位号 | 状态 | 备注 |
| 1 | 1543049 | 215430497 | 自科库401/401自科库 40排4列3层/ [索取号:O144.2/M627] | 在馆 | |
| 2 | 1543050 | 215430503 | 自科库401/401自科库 40排4列3层/ [索取号:O144.2/M627] | 在馆 |